000 00485nam a2200133Ia 4500
008 260210s9999 xx 000 0 und d
024 _a07B-048-TE, 05B-062-TE & 07B-060-TE
082 _a681.2072 AHM
100 _aMustaque Ahmed, Syed Salman Ali & Khalid Wasee
245 0 _aWireless Senser Network MAC Protocol and ITS Simulation on Op-net Simulator
260 _aKarachi:
_bUITU,
_c2008
600 _aTelecommunication Engineering
650 _aBachelor of Engineering (BE)
999 _c33578
_d33578